Trouves les paroles - Maman ne le sait pas -Ninho ft Niska - Statistiques

Statistiques générales
  • Ce quiz a été pris 317 fois
  • Le résultat moyen est 40 sur 95
Statistiques - réponses
Paroles Paroles Paroles Paroles Paroles % Correct
la cheveux j'suis dans rrain-té
93%
la la crime nouveau fallait
93%
la pile qui le
93%
la qu'il chicas A
93%
le on les parigot ce
89%
le le et d'espèces A
89%
le a sait danser j'faisais
89%
le est dans dingaris
89%
le opé gagne to
89%
le cannabis je charo
89%
le pas je Et
89%
Dans les clé d'essence le
88%
maman pas d'la Balmain fallait
87%
ne vu cité rempli pas
86%
sait temps dans La double
85%
pas il la ils clé
81%
pas n'y les comme mon
81%
ça les el avec bien
80%
ça A bougs maman
80%
cannabis n'a clés validé qu'il
77%
ville poussent propriétaire le j'ai
75%
j'revends plus j'ai cayenne fait
66%
a rrain-té La organisé
62%
et secteur clé j'irai ça
59%
de dans A qu'cest pas
51%
de on ralentir des tiens
51%
ces les fallait crois le
49%
m'en que d'la Et tu
47%
tout la cannabis s'passe les
41%
tout est stopper FaceTime retiens
41%
c'est famillia pour la
40%
c'est minuit balafrés ne
40%
des rentre ne a d'la
37%
fils condés pas pas sait
36%
puta le double fini Tout
36%
on le le comme j'revends
35%
on le d'bigo la
35%
on le d'chicots crime
35%
près maille maman on clés
35%
les tout A nouvelle Oh
34%
moi sal cramés les
34%
qui gris pile nouvelle la
34%
stop du center on Obama
34%
sur pue qu'il fe-neu ne
34%
canon trop pas leurs ce
33%
devant serré Briganté fe-meu qu'il
33%
Attends gérants trafico Madame
32%
il j'revends trop Niska
32%
laisse le est Avec
32%
tirer ça ce est maman
32%
tirer du cité maman l'sais
32%
mes temps j'revends pas propriétaire
31%
relais nécessaire les avec
31%
comment au la nuit
30%
délire ouais comme bimi
30%
est cendar rrain-té ça le
29%
expliquer la Tout tard
29%
glace ceinture organisé gamos pas
29%
j'vais pour bails les
29%
leur mettre chico mundibous
29%
potes que le c'qui j'ai
29%
que vert veulent béni Tiens
28%
tu la loups le
28%
faut vert Ils m'a nan
27%
revenus et j'faisais tout cannabis
27%
connais vérité les cannabis
25%
j'méloigne vert nous j'fais tiens
25%
Méchant la a le j'ai
25%
Méchant monnaie double plein fermé
25%
pour crime les la
25%
dedans fait avec la
24%
grandi j'ai j'suis c'est
24%
haramistes on le fait cité
24%
j'sais Dans j'suis me c'est
24%
chrono la j'suis méchant
23%
deux Et au N.I
23%
rivalité fermé plus Briganté
23%
salir organisé vieux ville
23%
chercher Briganté cotoie dans
22%
chercher pas mis pile
22%
semaines dans classico c'est
22%
son-mai j'ai n'ont sait
22%
connait le cramé c'est
21%
délai maman n'ai tu
21%
Evry c'est méchants j'revends
21%
sinon ne plus connais
21%
viendra sait Allo gimmick
21%
crissent dans j'refermais pétasse ville
19%
veut il j'ai la-bas destin
19%
j'recompte est ville comprennent j'suis
18%
pneus est minuit villa Dans
18%
journée fallait j'ai minuit
17%
m'voir a clés Fofana pote
17%
qu'iblis l'enveloppe propriétaire cacher le
16%
bi-bi ce quatre verité
14%
Aucun quiz correspondant
Distribution des résultats
% des personnes avec chaque résultat
Percentile par nombre de réponses
Votre historique - résultats
Vous n’avez pas pris ce quiz